Skład Hiszpanii vs Anglia w finale Euro 2024 - Statystyki

Ogólne statystyki
  • Ten quiz został rozwiązany 807 razy
  • Średni wynik to 8 z 11
Statystyki odpowiedzi
Numer Pozycja Zawodnik % Poprawnych
19 Prawy skrzydłowy Lamine Yamal
98%
7 Napastnik Alvaro Morata
90%
23 Bramkarz Unai Simon
89%
17 Lewy skrzydłowy Nico Williams
85%
10 Ofensywny pomocnik Dani Olmo
83%
2 Prawy obrońca Dani Carvajal
80%
16 Środkowy pomocnik Rodri
73%
24 Lewy obrońca Marc Cucurella
70%
14 Środkowy obrońca Aymeric Laporte
60%
8 Środkowy pomocnik Fabian Ruiz
53%
3 Środkowy obrońca Robin Le Normand
50%
Nie znaleziono quizów pasujących do podanych kryteriów
Rozkład punktacji
Procent ludzi z każdym wynikiem
Percentyl według liczby udzielonych odpowiedzi
Twoja historia wyników
Nie rozwiązałeś tego quizu